Culture Générale #5 - Choix Multiples - Statistiques

Statistiques générales
  • Ce quiz a été pris 12 210 fois
  • Le résultat moyen est 8 sur 16
Statistiques - réponses
Question Réponse % Correct
Parmi les étapes suivantes, laquelle intervient en premier dans le processus de deuil ? Le déni
86%
Lequel de ces adjectifs caractérise le mieux le héro grec Ulysse ? Rusé
79%
Lequel de ces drapeaux N'EST PAS celui d'un pays nordique ?
78%
Qu'est-ce que la gabelle ? Un impôt royal
71%
À quel moment de la semaine commence le shabbat, dans le judaïsme ? Vendredi, au coucher du Soleil
69%
Parmi ces propositions, laquelle est le titre d'un livre écrit par Nicolas Machiavel ? Le Prince
56%
Quel est le deuxième objet naturel le plus brillant du ciel nocturne, après la Lune ? Vénus
48%
Avec qui Albert Einstein se maria t-il ? Sa cousine
47%
Qui est le chef des Tortues Ninja ? Leonardo
40%
Lequel de ces mots n'a pas un sens proche des trois autres ? Callipyge
39%
Que signifient l'acronyme CAC de l'indice boursier CAC 40 ? Cotation Assistée en Continu
38%
Quel est l'animal national du Canada ? Le castor
35%
Dans le roman "Vingt Mille Lieues sous les mers" de Jules Verne, de quel instrument joue le Capitaine Nemo ? De l'orgue
33%
Qu'est-ce qu'un homoncule ? Une réplique d'être humain créée par l'alchimie
29%
Laquelle des propositions suivantes n'est pas une des Dix plaies d'Égypte ? Les serpents
23%
Dans quelle ville se déroule l'action de l'opéra La Traviata de Giuseppe Verdi ? Paris
5%
Aucun quiz correspondant
Distribution des résultats
% des personnes avec chaque résultat
Percentile par nombre de réponses
Votre historique - résultats
Vous n’avez pas pris ce quiz